000 00708nam a2200241Ib 4500
003 3228
005 20260112152927.0
008 210817s9999 xx ed 000 1 AFR d
020 _a0868121614 (hardback)
040 _aMPL
_c3228
_beng
_erda
041 _aAfrikaans
082 _aLP AF BLIG
100 _a Blignaut, Toek
_986675
_eauthor
245 0 _aSalome se soektog /
_cToek Blignaut
250 _aGrootdrukuitgawe
260 _aPretoria :
_bMakro Boeke ,
_c©1988.
300 _a247 pages (large print )
_c21 cm
655 0 _9189056
_aAfrikaans Fiction
655 0 _9198295
_aLarge Print
655 0 _9188653
_a Suspence Fiction
655 0 _9188670
_aHuman Relations Fiction
942 _cBK
_2ddc
_y296
_zPhillipina Naude
999 _c180930
_d180930